00890nam a2200241 a 4500001001000000003000500010005001700015008004100032010001100073011001100084040000900095100002600104245018900130260004100319500006000360502007700420650001400497650001900511650001200530650002000542856001600562856007000578000110548CHAP20220329144138.0140909s2014 mx | |sm |||||||spa|d a107010 a107982 cCHAP1 aColín Marín, HUgo10aAlcamidas como inductores de resistencia para trips (Frankliniella spp.) y botritis (Botrytis spp.) en el cultivo de lilis (Lilium asiática).h[En línea]cpor Hugo Colín Marín. aChapingo, Méx. :bEl autor,c2014. aPara ver el contenido del material haga clic en la liga aTesis (Ing. Agr. Esp. en Fitotecnia) -- UACH. Departamento de Fitotecnia14aBotrytis.14aFrankliniella.14aLilium.14aTisanópteros. a1 n0001663 aFinding aiduhttp://10.13.5.2/tesis/sist110548.pdfzTeclea aquí